Óptica instrumental / (Record no. 104680)
[ view plain ]
| 000 -LEADER | |
|---|---|
| campo de control de longitud fija | 00773nam a2200205 i 4500 |
| 001 - NÚMERO DE CONTROL | |
| campo de control | 104680 |
| 003 - IDENTIFICADOR DE NÚMERO DE CONTROL | |
| campo de control | ES-MaACL |
| 005 - FECHA Y HORA DE LA ÚLTIMA TRANSACCIÓN | |
| campo de control | 20230906183649.0 |
| 007 - CAMPO FIJO DE DESCRIPCIÓN FÍSICA--INFORMACIÓN GENERAL | |
| campo de control de longitud fija | t| |
| 008 - DATOS DE LONGITUD FIJA--INFORMACIÓN GENERAL | |
| campo de control de longitud fija | 051207s1983 sp a |||| | spa d |
| 100 1# - ENTRADA PRINCIPAL--NOMBRE DE PERSONA | |
| Nombre de persona | Miñones Trillo, José. |
| 9 (RLIN) | 81398 |
| 245 10 - MENCIÓN DEL TÍTULO | |
| Título | Óptica instrumental / |
| Mención de responsabilidad, etc. | por José Miñones Trillo |
| Resto del título | . Manual de óptica fisiológica / por Manuel Angel Parafita Mato y María del Pilar Fernández Otero. |
| 246 30 - FORMA VARIANTE DEL TITULO | |
| Título propio/Titulo breve | Manual de óptica fisiológica |
| 260 ## - PUBLICACIÓN, DISTRIBUCIÓN, ETC. | |
| Lugar de publicación, distribución, etc. | Madrid : |
| Nombre del editor, distribuidor, etc. | A. F. O. A., |
| Fecha de publicación, distribución, etc. | 1983. |
| 300 ## - DESCRIPCIÓN FÍSICA | |
| Extensión | 2 t. en 1 v. (125, 104 p.) : |
| Otras características físicas | il. ; |
| Dimensiones | 25 cm. |
| 650 ## - PUNTO DE ACCESO ADICIONAL DE MATERIA--TÉRMINO DE MATERIA | |
| Término de materia o nombre geográfico como elemento de entrada | Óptica- |
| Subdivisión general | Aparatos e instrumentos. |
| 9 (RLIN) | 151723 |
| 700 1# - ENTRADA AGREGADA--NOMBRE PERSONAL | |
| Nombre de persona | Parafita Mato, Manuel Angel. |
| 9 (RLIN) | 88918 |
| 700 1# - ENTRADA AGREGADA--NOMBRE PERSONAL | |
| Nombre de persona | Fernández Otero, María del Pilar. |
| 9 (RLIN) | 49975 |
| 852 ## - LOCALIZACIÓN | |
| Ubicación | ES-MaACL |
| Número de control de estantería | L-5097 |
| Estatus retirado | Estado de pérdida | Estado de daño | No para préstamo | Biblioteca de origen | Biblioteca actual | Ubicación en estantería | Fecha de adquisición | Fuente de adquisición | Total de préstamos | Signatura topográfica completa | Código de barras | Visto por última vez | Precio de reemplazo | Tipo de ítem Koha |
|---|---|---|---|---|---|---|---|---|---|---|---|---|---|---|
| Biblioteca del Ateneo de Madrid | Biblioteca del Ateneo de Madrid | Depósito 2 | 17/01/2008 | L-5097 | 1109291 | 23/02/2023 | 23/02/2023 | Libro impreso |
